[Event "POL-ChT3"]
[Site "Lazy POL"]
[Date "2012.09.09"]
[Round "9"]
[White "Obrusnik, Michal"]
[Black "Mikrut, Dariusz"]
[Result "0-1"]
[WhiteElo "2239"]
[BlackElo "2355"]
[EventDate "2012.09.01"]

1.e4 c5 2.Ne2 d6 3.g3 Nf6 4.Bg2 g6 5.c3 Bg7 6.d4 Qc7 7.O-O O-O 8.h3 e5 9.
f4 cxd4 10.cxd4 exd4 11.Qxd4 Re8 12.Qd3 Na6 13.Be3 Nxe4 14.Bxe4 Nb4 15.Qd2
Rxe4 16.Nbc3 Re8 17.a3 Nc6 18.g4 f5 19.Nd5 Qf7 20.g5 Be6 21.Nec3 Bxd5 22.
Nxd5 Re4 23.Bf2 Nd4 0-1

[Event "POL-ChT3"]
[Site "Lazy POL"]
[Date "2012.09.09"]
[Round "9"]
[White "Brzeski, Maciej"]
[Black "Orzechowski, Jacek"]
[Result "1/2-1/2"]
[WhiteElo "2314"]
[BlackElo "2228"]
[EventDate "2012.09.01"]

1.e4 e6 2.d4 d5 3.Nd2 c5 4.exd5 Qxd5 5.Ngf3 cxd4 6.Bc4 Qd7 7.O-O Nc6 8.Nb3
Nf6 9.Nbxd4 Nxd4 10.Nxd4 a6 11.a4 Bc5 12.Nb3 Bd6 13.h3 Qc7 14.Bd3 b6 15.c4
Bb7 16.Be3 Bh2+ 17.Kh1 Qc6 18.Qf3 Qxf3 19.gxf3 Bc7 20.Kg2 Rd8 21.Rfd1 O-O 
22.a5 bxa5 23.Nxa5 Ba8 24.Nb3 Be5 25.Rxa6 Bxb2 26.Nc5 Be5 27.Rd2 Nh5 28.
Be4 Bxe4 29.fxe4 Rxd2 30.Bxd2 Rd8 31.Nb7 Rb8 32.Na5 Bf4 33.Nc6 Re8 34.Bxf4
Nxf4+ 35.Kg3 g5 36.h4 Nh5+ 37.Kh3 gxh4 38.Kxh4 Nf6 39.f3 Kg7 40.Ne5 Re7 
41.Kg5 Rc7 42.Kf4 Rc5 43.Nd3 Rxc4 44.Ra7 Nd5+ 45.Ke5 Nc7 46.Rb7 Rc3 47.Kd4
Rc2 48.Nb4 Rc1 49.Nd3 Rc6 50.Nb4 Rc1 51.Nd3 1/2-1/2

[Event "POL-ChT3"]
[Site "Lazy POL"]
[Date "2012.09.09"]
[Round "9"]
[White "Helis, Tadeusz"]
[Black "Barski, Radoslaw"]
[Result "0-1"]
[WhiteElo "2235"]
[BlackElo "2241"]
[EventDate "2012.09.01"]

1.Nf3 g6 2.d4 Bg7 3.c4 c5 4.Nc3 cxd4 5.Nxd4 Nc6 6.Nc2 Bxc3+ 7.bxc3 Qa5 8.
Bb2 Nf6 9.e3 d6 10.Be2 Bd7 11.O-O Rc8 12.Nb4 Be6 13.Nd5 Nd7 14.Kh1 Nce5 
15.f4 Nxc4 16.Qd4 Nde5 17.e4 Bxd5 18.exd5 Nxb2 19.fxe5 O-O 20.exd6 exd6 
21.c4 Na4 22.h4 Rce8 23.Bd3 Qc3 24.Qxc3 Nxc3 25.Rf3 Na4 26.Rf6 Nc5 27.Rd1 
Re3 28.Bb1 Rfe8 29.Kh2 Re1 30.Bc2 Rxd1 31.Bxd1 Kf8 32.Bf3 Re3 33.Rf4 Ra3 
34.Rd4 Rxa2 35.h5 Kg7 36.hxg6 hxg6 37.Rd1 Rc2 38.Re1 Kf8 39.Be2 a5 40.Bf1 
a4 41.Re3 f5 42.Rf3 Kf7 43.Kh3 Rb2 44.Kh4 Kf6 0-1

[Event "POL-ChT3"]
[Site "Lazy POL"]
[Date "2012.09.09"]
[Round "9"]
[White "Slabek, Grzegorz"]
[Black "Polok, Kacper"]
[Result "1/2-1/2"]
[WhiteElo "2105"]
[BlackElo "2146"]
[EventDate "2012.09.01"]

1.Nf3 f5 2.d4 Nf6 3.g3 e6 4.Bg2 d5 5.O-O Bd6 6.b3 Qe7 7.c4 c6 8.Bb2 O-O 9.
Ne5 b6 10.Nd2 Bb7 11.cxd5 exd5 12.Ndf3 c5 13.e3 a5 14.a3 Na6 15.Re1 Rac8 
16.Bf1 Nc7 17.Bd3 g6 18.Qe2 a4 19.dxc5 bxc5 20.Bc2 axb3 21.Bxb3 Ne6 22.
Reb1 c4 23.Bc2 c3 24.Bc1 Ne4 25.Nd4 N6c5 26.Nd3 Ba6 27.a4 Bc4 28.Nb5 Ng5 
29.Nxd6 Qxd6 30.Ba3 Nge4 31.Qd1 Bxd3 32.Bxd3 Qe5 33.Bxe4 Nxe4 34.Qd4 Qxd4 
35.exd4 Rf6 36.Bc1 Ra6 37.Rb5 Rc4 38.Rxd5 Raxa4 39.Rd8+ Kf7 40.Rxa4 Rxa4 
41.Be3 Rc4 42.f3 Nd2 43.Kf2 Nb3 44.Rb8 Nxd4 45.Bxd4 Rxd4 46.Rc8 Rd2+ 47.
Ke3 Rxh2 48.Rxc3 h6 49.Kf4 Re2 50.g4 fxg4 51.fxg4 g5+ 52.Kf3 Re6 53.Ra3 
Kf6 54.Rb3 Ra6 55.Re3 Ra4 56.Kg3 Rd4 57.Kf3 Rd5 58.Kg3 Re5 59.Ra3 Re6 60.
Kf3 Rd6 61.Re3 Rc6 62.Kg3 Rb6 63.Kf3 Ra6 64.Kg3 Kg6 65.Kf3 Rb6 66.Kg3 Rc6 
67.Kf3 Rd6 68.Kg3 Rf6 69.Ra3 Rb6 70.Rf3 Ra6 71.Re3 h5 72.gxh5+ Kxh5 73.Rb3
Ra4 74.Rc3 Ra5 75.Rb3 Kg6 76.Rc3 Ra4 77.Rb3 Rc4 78.Ra3 Kh5 79.Rb3 Rg4+ 80.
Kh3 Rg1 81.Kh2 Ra1 82.Kh3 1/2-1/2

[Event "POL-ChT3"]
[Site "Lazy POL"]
[Date "2012.09.09"]
[Round "9"]
[White "Cherednichenko, Elena"]
[Black "Gosciniak, Maria"]
[Result "1-0"]
[WhiteElo "2160"]
[BlackElo "2135"]
[EventDate "2012.09.01"]

1.d4 Nf6 2.Nf3 g6 3.Nc3 Bg7 4.e4 d6 5.Be3 O-O 6.Qd2 c6 7.Bh6 b5 8.Bd3 b4 
9.Ne2 Qb6 10.h3 a5 11.Ng3 Rd8 12.e5 Ne8 13.Bxg7 Nxg7 14.Qh6 Ne6 15.Nh5 Nd7
16.exd6 Nf6 17.Ng5 Qxd4 18.Nxe6 Qe5+ 19.Kf1 Nxh5 20.Nxd8 Qxd6 21.Nxf7 Kxf7
22.Qxh7+ Ng7 23.Rd1 Qf6 24.h4 Bg4 25.Bc4+ Be6 26.Bxe6+ Kxe6 27.Qh6 Rf8 28.
Qe3+ Kf7 29.Rh3 Nf5 30.Qf4 Kg7 31.g4 e5 32.Rd7+ Kh8 33.Qd2 Ng7 34.Qh6+ Kg8
35.Rf3 1-0

[Event "POL-ChT3"]
[Site "Lazy POL"]
[Date "2012.09.09"]
[Round "9"]
[White "Pakleza, Zbigniew"]
[Black "Najbar, Marcin"]
[Result "1-0"]
[WhiteElo "2475"]
[BlackElo "2199"]
[EventDate "2012.09.01"]

1.d4 c5 2.c3 Nf6 3.Nf3 g6 4.Bf4 Bg7 5.e3 O-O 6.Be2 d6 7.h3 Nbd7 8.O-O b6 
9.Nbd2 Bb7 10.a4 a6 11.Bg3 Ra7 12.Ne1 Qa8 13.Bf3 Ne4 14.Nxe4 Bxe4 15.Bh4 
Nf6 16.Nd3 Bxf3 17.Qxf3 Qxf3 18.gxf3 cxd4 19.cxd4 Rc8 20.Rfc1 Rac7 21.Rxc7
Rxc7 22.a5 Rb7 23.Bxf6 Bxf6 24.Kf1 Kf8 25.Ke2 Ke8 26.Kd2 e6 27.f4 Bd8 28.
axb6 Rxb6 29.b4 Kd7 30.Kc3 Kc8 31.Nb2 Kb7 32.Nc4 Rc6 33.Kb3 Bb6 34.Rd1 Bc7
35.d5 exd5 36.Rxd5 Kc8 37.f5 Kb7 38.fxg6 hxg6 39.f4 Kc8 40.e4 Kd8 41.Ne5 
Rc1 42.Nxf7+ Ke7 43.Nh8 Rh1 44.h4 Kf6 45.Rg5 Rxh4 46.Rxg6+ Ke7 47.Rg7+ Kd8
48.Ng6 Rh5 49.f5 d5 50.e5 Rxf5 51.e6 Ke8 1-0

[Event "POL-ChT3"]
[Site "Lazy POL"]
[Date "2012.09.09"]
[Round "9"]
[White "Krzywda, Andrzej"]
[Black "Jedynak, Radoslaw"]
[Result "0-1"]
[WhiteElo "2153"]
[BlackElo "2492"]
[EventDate "2012.09.01"]

1.d4 e6 2.Nf3 Nf6 3.c4 Bb4+ 4.Bd2 Qe7 5.g3 Nc6 6.Bg2 Bxd2+ 7.Nbxd2 d6 8.
O-O e5 9.d5 Nb8 10.e4 Bg4 11.b4 Nbd7 12.Qc2 Bxf3 13.Nxf3 a5 14.a3 O-O 15.
Rac1 b6 16.Nh4 g6 17.Qd2 axb4 18.axb4 Ra4 19.Rb1 Rfa8 20.Rfc1 Qf8 21.Rc2 
Ra1 22.Qc1 R1a2 23.Bh3 R8a3 24.Rxa2 Rxa2 25.Bxd7 Nxd7 26.Qe3 Qa8 27.Kg2 
Qa4 28.Nf5 Qc2 29.Rc1 Qd2 30.Qxd2 Rxd2 31.Ne3 Nf6 32.Kf3 Rd4 33.c5 Nxe4 
34.cxb6 cxb6 35.Rc8+ Kg7 36.b5 f5 37.Rc7+ Kf6 38.Rb7 g5 39.Rxb6 Rd2 40.
Ng4+ Kg7 41.Rb7+ Kg6 42.Re7 Rxd5 43.b6 Rb5 44.b7 Nc5 45.Nxe5+ dxe5 46.Rxe5
Rb3+ 0-1

[Event "POL-ChT3"]
[Site "Lazy POL"]
[Date "2012.09.09"]
[Round "9"]
[White "Czakon, Jakub"]
[Black "Malecki, Rafal"]
[Result "1-0"]
[WhiteElo "2486"]
[BlackElo "2094"]
[EventDate "2012.09.01"]

1.Nf3 d6 2.d4 g6 3.c4 Bg7 4.Nc3 Nf6 5.Bf4 O-O 6.h3 Nc6 7.e3 Nd7 8.Be2 e5 
9.Bh2 f5 10.O-O g5 11.d5 Ncb8 12.b4 a5 13.a3 axb4 14.axb4 Rxa1 15.Qxa1 h5 
16.h4 gxh4 17.Qa7 Na6 18.c5 Nxb4 19.cxd6 cxd6 20.Qa3 Na6 21.Bxa6 bxa6 22.
Qxd6 Rf6 23.Qb4 Rg6 24.Qxh4 Qa5 25.Qxh5 Rf6 26.Rc1 Qa3 27.Ne2 Rf8 28.Qg6 
f4 29.Qe6+ Kh8 30.Qh3+ Kg8 31.Ng5 Re8 32.Qh7+ Kf8 33.Ne6+ 1-0

[Event "POL-ChT3"]
[Site "Lazy POL"]
[Date "2012.09.09"]
[Round "9"]
[White "Zgadzaj, Rafal"]
[Black "Szoen, Dariusz"]
[Result "0-1"]
[WhiteElo "2153"]
[BlackElo "2418"]
[EventDate "2012.09.01"]

1.Nf3 b5 2.e4 a6 3.c4 Bb7 4.Qc2 bxc4 5.Bxc4 e6 6.d4 Nf6 7.Bd3 c5 8.O-O Nc6
9.dxc5 Nb4 10.Qb3 Nxd3 11.Qxd3 Bxe4 12.Qd4 Rc8 13.b4 d6 14.cxd6 Qxd6 15.a3
Bxf3 16.Qxd6 Bxd6 17.gxf3 Rc2 18.Nd2 Nd5 19.Re1 Ke7 20.Nb3 Rhc8 21.Nd4 
R2c4 22.Bb2 Kf8 23.Rac1 Bf4 24.Rxc4 Rxc4 25.Nb3 g5 26.Re2 Bd6 27.Rd2 Bf4 
28.Re2 Ke7 29.Bd4 Bc7 30.Re1 Bf4 31.Rb1 h5 32.Bc5+ Kf6 33.Na5 Rc2 34.Nc6 
Ra2 35.Rb3 Ra1+ 36.Kg2 Rc1 37.Nd4 Be5 38.Ne2 Re1 39.f4 Bxf4 40.Ng3 h4 41.
Nh5+ Kg6 42.Nxf4+ Nxf4+ 43.Kf3 Kf5 44.h3 e5 0-1

[Event "POL-ChT3"]
[Site "Lazy POL"]
[Date "2012.09.09"]
[Round "9"]
[White "Gluszko, Tomasz"]
[Black "Sztwiertnia, Jan Krzysztof"]
[Result "1-0"]
[WhiteElo "2169"]
[BlackElo "2073"]
[EventDate "2012.09.01"]

1.e4 Nf6 2.e5 Nd5 3.d4 d6 4.c4 Nb6 5.exd6 exd6 6.Nc3 Be7 7.h3 Nc6 8.Nf3 
Bf5 9.Be3 O-O 10.d5 Ne5 11.Nd4 Bd7 12.b3 Bg5 13.f4 Bh4+ 14.Kd2 Ng6 15.Qf3 
Bf6 16.Bd3 Rc8 17.Rac1 c5 18.Nde2 Nh4 19.Qf2 Bf5 20.g4 Bxd3 21.Kxd3 g6 22.
Ne4 Bg7 23.f5 Nd7 24.Bg5 Bd4 25.Qxh4 Qa5 26.Nxd4 cxd4 27.Bf6 Rfe8 28.Qh6 
Nc5+ 29.Ke2 Rxe4+ 30.Kf1 1-0

[Event "POL-ChT3"]
[Site "Lazy POL"]
[Date "2012.09.09"]
[Round "9"]
[White "Hermanowicz, Dominika"]
[Black "Gorol, Magdalena"]
[Result "1-0"]
[WhiteElo "2076"]
[BlackElo "1807"]
[EventDate "2012.09.01"]

1.Nc3 g6 2.e4 c6 3.d4 d5 4.Nf3 Bg7 5.h3 Nh6 6.Bf4 a6 7.Qd2 dxe4 8.Nxe4 Nf5
9.O-O-O O-O 10.Kb1 a5 11.Be2 Na6 12.h4 f6 13.g4 Nd6 14.Nxd6 exd6 15.g5 Bf5
16.h5 Nb4 17.Rc1 fxg5 18.Bxg5 Qb6 19.Bh6 Be4 20.Bxg7 Bxf3 21.Bxf8 Bxh1 22.
Bxd6 Be4 23.Be5 c5 24.Qh6 Kf7 25.Qg7+ Ke6 26.Qf6+ 1-0

[Event "POL-ChT3"]
[Site "Lazy POL"]
[Date "2012.09.09"]
[Round "9"]
[White "Weichhold, Pawel"]
[Black "Borkowski, Franciszek"]
[Result "1-0"]
[WhiteElo "2374"]
[BlackElo "2318"]
[EventDate "2012.09.01"]

1.e4 e5 2.Nf3 Nc6 3.Bb5 Nf6 4.O-O Bc5 5.c3 O-O 6.d4 Bb6 7.a4 a5 8.Nbd2 
exd4 9.e5 Ng4 10.cxd4 d6 11.h3 Nh6 12.Nc4 Nf5 13.Nxb6 cxb6 14.Bg5 Nfe7 15.
d5 Nb4 16.exd6 Qxd6 17.Bxe7 Qxe7 18.d6 Qf6 19.d7 Rd8 20.dxc8=Q Raxc8 21.
Qb3 Rc2 22.Rad1 Rxd1 23.Rxd1 g6 24.Qe3 Rc8 25.b3 1-0

[Event "POL-ChT3"]
[Site "Lazy POL"]
[Date "2012.09.09"]
[Round "9"]
[White "Zyla, Janusz"]
[Black "Kulon, Klaudia"]
[Result "1/2-1/2"]
[WhiteElo "2199"]
[BlackElo "2264"]
[EventDate "2012.09.01"]

1.e4 c5 2.Nc3 Nc6 3.Nge2 d6 4.d4 cxd4 5.Nxd4 Nf6 6.Bc4 e6 7.Be3 a6 8.Bb3 
Be7 9.f4 Qc7 10.O-O O-O 11.f5 Nxd4 12.Bxd4 b5 13.a3 e5 14.Bf2 Bb7 15.Bh4 
Nxe4 16.Bxe7 Qxe7 17.Nxe4 Bxe4 18.Qg4 d5 19.f6 Qc5+ 20.Kh1 Bg6 21.h4 h5 
22.Qg5 Rfe8 23.g4 Kh7 24.Rae1 Qd4 25.gxh5 Be4+ 26.Kh2 Rg8 27.Re2 gxf6 28.
Qxf6 Raf8 29.Ref2 Qe3 30.Qxe5 f6 31.Qf4 Qxf4+ 32.Rxf4 Rg2+ 33.Kh3 Rfg8 34.
R4f3 Bxf3 35.Rxf3 Rg1 36.Kh2 a5 37.Bxd5 R8g2+ 38.Kh3 Rg7 39.Be4+ Kh8 40.
Rxf6 R1g3+ 41.Kh2 R3g4 42.Bg6 Re7 43.Kh3 Rd4 44.h6 Re3+ 45.Kg2 Rd2+ 46.Kf1
Rd8 47.Kf2 Re5 48.Kf3 Red5 49.h5 R5d6 50.Rf7 R6d7 51.Rf6 Rd6 52.Rf7 R6d7 
53.Rf5 Rd5 54.Rf4 Rd4 55.Rf5 R4d5 56.Rf4 Rd4 57.Be4 Re8 58.b3 a4 59.b4 Rc4
60.Bd3 Rxf4+ 61.Kxf4 Rc8 62.Ke5 Rc3 63.Kd4 Rxa3 64.Bxb5 Ra1 65.Kc3 a3 66.
Bc4 Rb1 67.Ba2 Rb2 68.Bb3 Rb1 69.Kc4 Kh7 70.b5 Kxh6 71.b6 a2 72.Bxa2 
1/2-1/2

[Event "POL-ChT3"]
[Site "Lazy POL"]
[Date "2012.09.09"]
[Round "9"]
[White "Adamowicz, Maciej"]
[Black "Tworzydlo, Piotr"]
[Result "0-1"]
[WhiteElo "1985"]
[BlackElo "2104"]
[EventDate "2012.09.01"]

1.c4 Nf6 2.g3 g6 3.Bg2 Bg7 4.Nc3 O-O 5.Nf3 d5 6.cxd5 Nxd5 7.O-O Nb6 8.d3 
Nc6 9.Be3 e5 10.Rc1 h6 11.a3 Nd4 12.Ne4 c6 13.Nc5 Qe7 14.Nb3 Rd8 15.Bd2 f5
16.Bb4 Qf7 17.Nfxd4 exd4 18.Nc5 Nd5 19.Bd2 b6 20.Na4 c5 21.b4 cxb4 22.axb4
Be6 23.Rc6 Rac8 24.Rxc8 Rxc8 25.Bf3 Nc3 26.Qa1 g5 27.Re1 Qd7 28.Nb2 Bf8 
29.e3 Bxb4 30.exd4 a5 31.Nc4 Qxd4 32.Be3 Qxd3 33.Nxb6 Re8 34.Bh5 Re7 35.
Na4 Bd5 36.Nb2 Qe4 37.f3 Qe5 38.Kf1 Bc6 39.Bf2 Qb5+ 40.Kg2 g4 41.Rxe7 
Bxf3+ 42.Kg1 Bxe7 43.Be3 Bc5 44.Nd1 Nxd1 45.Qa2+ Kh8 0-1

[Event "POL-ChT3"]
[Site "Lazy POL"]
[Date "2012.09.09"]
[Round "9"]
[White "Kolasinski, Krzysztof"]
[Black "Kamieniecki, Tomasz"]
[Result "1-0"]
[WhiteElo "1978"]
[BlackElo "1992"]
[EventDate "2012.09.01"]

1.Nf3 Nf6 2.c4 g6 3.g3 Bg7 4.Bg2 O-O 5.O-O d6 6.Nc3 Nc6 7.Rb1 e5 8.d3 a5 
9.a3 h6 10.b4 axb4 11.axb4 Be6 12.b5 Ne7 13.Bb2 Qd7 14.Re1 Bh3 15.Bh1 Ng4 
16.Qb3 Kh7 17.Ra1 f5 18.Rxa8 Rxa8 19.Nd2 c6 20.Ra1 Rxa1+ 21.Bxa1 Nf6 22.
Na4 Bg4 23.Bf3 f4 24.bxc6 bxc6 25.c5 fxg3 26.hxg3 Bxf3 27.exf3 Nfd5 28.
cxd6 Qxd6 29.Ne4 Qb4 30.Qd1 Nf5 31.Bc3 Nxc3 32.Naxc3 Nd4 33.Kg2 Qb3 34.Qa1
Qf7 35.Nd2 e4 36.Ncxe4 Qd7 37.Qa4 Nf5 38.Qc4 Be5 39.f4 Bg7 40.Nf3 Nd4 41.
Nfd2 Ne6 42.Qa6 Bd4 43.Nf3 Kg7 44.Qa8 Nd8 45.Qb8 Nf7 46.Qb4 Ba1 47.Qb3 Qd5
48.Qa3 Bd4 49.Qe7 Ba1 50.Nc5 Qf5 51.Ne6+ Kg8 52.d4 1-0

[Event "POL-ChT3"]
[Site "Lazy POL"]
[Date "2012.09.09"]
[Round "9"]
[White "Malaczek, Mateusz"]
[Black "Bienias, Piotr"]
[Result "1-0"]
[WhiteElo "1816"]
[BlackElo "1769"]
[EventDate "2012.09.01"]

1.c4 Nf6 2.Nf3 g6 3.g3 Bg7 4.Bg2 O-O 5.O-O d6 6.Nc3 Nc6 7.d3 e5 8.Rb1 Bf5 
9.Nd2 Qd7 10.Re1 Bh3 11.Bh1 Ng4 12.Nde4 h6 13.Nd5 f5 14.Nec3 Nd8 15.f3 Nf6
16.Nxf6+ Rxf6 17.b4 Ne6 18.b5 c6 19.Ba3 h5 20.bxc6 bxc6 21.Qa4 Rc8 22.Qa6 
Rf7 23.Nd1 g5 24.Nf2 g4 25.fxg4 hxg4 26.Nxh3 gxh3 27.Bxd6 f4 28.Qxc8+ Qxc8
29.Rb8 Qxb8 30.Bxb8 Nd4 31.Bd6 Rb7 32.gxf4 Bf6 33.Bf3 Bh4 34.Rf1 exf4 35.
Bxf4 Rg7+ 36.Kh1 Rf7 37.Rg1+ Kf8 38.Bd6+ Be7 39.Bxe7+ Kxe7 40.Rg3 Rh7 41.
Bg4 Rg7 42.Re3+ Kd6 43.Bxh3 Kc5 44.Re4 a5 45.Bg4 a4 46.h4 a3 47.h5 Nc2 48.
Bf5 Rg5 49.Bg6 Nb4 50.d4+ Kd6 51.c5+ Kd5 52.Rh4 Kc4 53.Bf7+ Kb5 54.h6 Rf5 
55.h7 Rxf7 56.h8=Q Nxa2 57.Qa8 1-0

[Event "POL-ChT3"]
[Site "Lazy POL"]
[Date "2012.09.09"]
[Round "9"]
[White "Barburzynska, Magdalena"]
[Black "Adamowicz, Katarzyna"]
[Result "0-1"]
[WhiteElo "1913"]
[BlackElo "2109"]
[EventDate "2012.09.01"]

1.e4 e5 2.Nf3 Nc6 3.Bb5 a6 4.Ba4 Nf6 5.Bxc6 dxc6 6.d3 Qd6 7.Nbd2 Be6 8.b3 
Be7 9.Ng5 Bg4 10.Ngf3 Be6 11.Ng5 Bg4 12.Ngf3 b5 13.Bb2 Nd7 14.Nf1 O-O 15.
Ne3 Be6 16.O-O c5 17.c3 Bf6 18.d4 exd4 19.cxd4 cxd4 20.Bxd4 Qf4 21.Qc2 c5 
22.Bxf6 Nxf6 23.Qxc5 Nxe4 24.Qe5 Qxe5 25.Nxe5 Rfd8 26.f3 Nc3 27.Rf2 Rac8 
28.Kf1 f6 29.N5g4 h5 30.Nxf6+ gxf6 31.g4 Rd3 32.Re1 Kf7 33.Kg2 Rg8 34.h3 
Nd5 35.Nxd5 Bxd5 36.Kg3 hxg4 37.hxg4 f5 38.Kf4 fxg4 39.fxg4 Kg6 40.Re5 
Rf8+ 41.Rf5 Re8 42.Rg5+ Kf6 43.Rf5+ Ke7 44.Re5+ Kd7 45.Rxe8 Kxe8 46.Ke5 
Ke7 47.g5 Bf7 48.Rf6 Rd5+ 49.Ke4 Rd6 50.Rf2 a5 51.Kf4 Rd4+ 52.Ke3 Rd5 53.
Kf4 Be6 54.Rg2 Kf7 55.Ke3 Kg6 56.Kf4 b4 57.Ke4 Rd1 58.Ke5 Bf5 59.Rf2 Re1+ 
60.Kd4 Kxg5 61.Kc5 Re5+ 62.Kb6 Kg4 63.a3 Be6 64.axb4 axb4 65.Rd2 Re4 66.
Kc5 Bxb3 67.Rb2 Re3 68.Kxb4 Be6 69.Kc5 Rd3 70.Re2 Kf5 71.Rf2+ Kg6 72.Rf4 
Rd8 73.Rf2 Bf5 74.Kc4 Kf6 75.Kc5 Ke5 76.Re2+ Be4 77.Rh2 Rc8+ 78.Kb4 Kd4 
79.Rb2 Bd3 80.Ka3 Ra8+ 81.Kb4 Ra1 82.Kb3 Ra8 83.Kb4 Ra7 84.Kb3 Rc7 85.Kb4 
Bc2 86.Ka5 Kc3 87.Rb6 Bd3 88.Rb8 Rc6 89.Ra8 Kd4 90.Rd8+ Kc4 91.Rd7 Be2 92.
Re7 Bf3 93.Re5 Bd5 94.Re1 Kc5 95.Re7 Bc4 96.Re5+ Bd5 97.Re7 Rc8 98.Ra7 Bc6
99.Ka6 Rb8 100.Rg7 Ra8+ 101.Ra7 Rd8 102.Re7 Rd1 103.Ka7 Ra1+ 104.Kb8 Kd6 
105.Ra7 Rb1+ 106.Kc8 Rg1 107.Ra3 Rg8# 0-1

[Event "POL-ChT3"]
[Site "Lazy POL"]
[Date "2012.09.09"]
[Round "9"]
[White "Musialkiewicz, Jan"]
[Black "Ciesla, Adam"]
[Result "1/2-1/2"]
[WhiteElo "2224"]
[BlackElo "2336"]
[EventDate "2012.09.01"]
[PlyCount "68"]

1.e4 e5 2.Nf3 Nf6 3.Nc3 d6 4.d4 Nbd7 5.Bc4 Be7 6.O-O O-O 7.h3 c6 8.a4 exd4
9.Nxd4 d5 10.exd5 Nb6 11.Bb3 Nbxd5 12.Nxd5 Nxd5 13.Qf3 Bc5 14.Rd1 Qh4 15.
Bxd5 Bxd4 16.c3 Bb6 17.a5 Bc7 18.Bb3 Qe7 19.Qe3 Re8 20.Qxe7 Rxe7 21.a6 b6 
22.Bf4 Be6 23.Bg5 f6 24.Bxe6+ Rxe6 25.Rd7 Rc8 26.Be3 Kf8 27.Kf1 Re7 28.
Rxe7 Kxe7 29.Re1 Kd7 30.Rd1+ Ke6 31.Re1 Kd7 32.Rd1+ Ke6 33.Re1 Kd7 34.Rd1+
Ke6 1/2-1/2

[Event "POL-ChT3"]
[Site "Lazy POL"]
[Date "2012.09.09"]
[Round "9"]
[White "Klekowski, Maciej"]
[Black "Bardeli, Lukasz"]
[Result "1-0"]
[WhiteElo "2332"]
[BlackElo "2287"]
[EventDate "2012.09.01"]
[PlyCount "117"]

1.c4 Nf6 2.Nc3 c5 3.Nf3 d5 4.cxd5 Nxd5 5.g3 Nc6 6.Bg2 Nc7 7.O-O e5 8.d3 
Be7 9.Be3 O-O 10.Rc1 Bd7 11.a3 b6 12.Nd2 Rc8 13.Nc4 f6 14.Bd2 Kh8 15.Be3 
Nd4 16.Bxd4 exd4 17.Nd5 Ne6 18.b4 Bc6 19.Nxe7 Qxe7 20.Bxc6 Rxc6 21.Nd2 f5 
22.Nf3 Rd6 23.Re1 f4 24.bxc5 Nxc5 25.Rc4 Qf6 26.Rf1 Rd5 27.Qd2 Qd6 28.Qb2 
fxg3 29.fxg3 Ne6 30.Rfc1 Qd7 31.Qb4 Rd8 32.Rf1 h6 33.a4 Kh7 34.Qb2 Nc5 35.
Qc2 Kg8 36.a5 Qe7 37.axb6 axb6 38.Rb1 R8d6 39.Rcb4 Qf6 40.Qc4 Nd7 41.Rb5 
Qf7 42.Rxd5 Rxd5 43.Rb5 Rxb5 44.Qxb5 Qe6 45.Kf1 Nf6 46.Nxd4 Qe3 47.Qxb6 
Kh7 48.Qc5 g6 49.Qc7+ Kh8 50.Qd8+ Kg7 51.Kg2 h5 52.Qc7+ Kg8 53.Qf4 Qxf4 
54.gxf4 Kf7 55.e4 Nd7 56.Kf3 Nf6 57.h3 Nd7 58.Ke3 Nc5 59.Nf3 1-0

[Event "POL-ChT3"]
[Site "Lazy POL"]
[Date "2012.09.09"]
[Round "9"]
[White "Banach, Wieslaw"]
[Black "Flis, Jacek"]
[Result "0-1"]
[WhiteElo "2086"]
[BlackElo "2256"]
[EventDate "2012.09.01"]
[PlyCount "64"]

1.e4 c5 2.Nc3 e6 3.f4 d5 4.Nf3 dxe4 5.Nxe4 Nc6 6.Bb5 Bd7 7.O-O Be7 8.d3 
Nf6 9.Be3 Nd5 10.Qe2 b6 11.Bxc6 Bxc6 12.Ne5 Bb7 13.f5 exf5 14.Rxf5 O-O 15.
Raf1 f6 16.Nc4 g6 17.R5f2 Nxe3 18.Qxe3 Qd5 19.Qg3 Qe6 20.Re2 f5 21.Nc3 Qd7
22.Rfe1 Bf6 23.Nd6 f4 24.Qh3 Qxd6 25.Ne4 Bxe4 26.Rxe4 Rf7 27.Kh1 Raf8 28.
Re6 Qd5 29.c4 Qg5 30.Qf3 Bxb2 31.R1e4 Bd4 32.a4 Qd8 0-1

[Event "POL-ChT3"]
[Site "Lazy POL"]
[Date "2012.09.09"]
[Round "9"]
[White "Dzwikowski, Adam"]
[Black "Paszewski, Mateusz"]
[Result "0-1"]
[WhiteElo "2018"]
[BlackElo "2063"]
[EventDate "2012.09.01"]
[PlyCount "108"]

1.g3 c5 2.Bg2 Nc6 3.Nf3 g6 4.d4 cxd4 5.Nxd4 Bg7 6.c3 Nf6 7.O-O d5 8.Bf4 
O-O 9.Nxc6 bxc6 10.Be5 Qb6 11.Qb3 Ba6 12.Bf3 Nd7 13.Bxg7 Kxg7 14.Qc2 e5 
15.Re1 e4 16.Bg2 f5 17.Na3 Ne5 18.Qd2 Kg8 19.b3 Rad8 20.Nc2 Rf7 21.Qf4 Re7
22.Nd4 c5 23.Qg5 Rf7 24.Ne6 Rd6 25.Nf4 Rfd7 26.Nh3 Nf7 27.Qd2 d4 28.Nf4 
Ne5 29.Rab1 d3 30.c4 dxe2 31.Nd5 Qd8 32.Qe3 Rxd5 33.cxd5 Rxd5 34.Rb2 Rd1 
35.Rxe2 Bxe2 36.Qxe2 Rxe1+ 37.Qxe1 Qd4 38.Qc1 Nd3 39.Qd2 Qb4 40.Qc2 Ne5 
41.Qe2 Nd3 42.Bf1 Qd4 43.Kg2 Kg7 44.Kg1 Ne5 45.Qa6 Ng4 46.Qe2 e3 47.f3 Nf2
48.Kg2 Qd2 49.Qa6 Nd3+ 50.Kh3 e2 51.Qxa7+ Kh6 52.Bxe2 Qxe2 53.Qb6 Qf1+ 54.
Kh4 Qxf3 0-1

[Event "POL-ChT3"]
[Site "Lazy POL"]
[Date "2012.09.09"]
[Round "9"]
[White "Warakomska, Anna"]
[Black "Golek, Jagoda"]
[Result "1/2-1/2"]
[WhiteElo "2136"]
[BlackElo "2061"]
[EventDate "2012.09.01"]
[PlyCount "90"]

1.e4 c5 2.Nf3 e6 3.d4 cxd4 4.Nxd4 a6 5.Bd3 Bc5 6.Nb3 Be7 7.O-O d6 8.f4 Qc7
9.Be3 Nf6 10.Qf3 Nbd7 11.Kh1 b6 12.Nc3 Bb7 13.Rae1 O-O 14.Qh3 e5 15.fxe5 
dxe5 16.Nd5 Bxd5 17.exd5 Qd6 18.c4 g6 19.Nd2 Rab8 20.Rf2 h5 21.Rfe2 Rfe8 
22.Bf2 Ng4 23.Ne4 Qc7 24.Bh4 Nc5 25.Bxe7 Nxe4 26.Bh4 Nc5 27.Bb1 f5 28.Qg3 
f4 29.Qf3 Qd6 30.b4 Nd7 31.Qe4 Kg7 32.g3 f3 33.Qxf3 Rf8 34.Qc3 a5 35.a3 
axb4 36.axb4 Rbc8 37.h3 Nh6 38.Rd1 Nf5 39.Bxf5 Rxf5 40.g4 hxg4 41.hxg4 Rf4
42.Bg3 Rcxc4 43.Qa1 Rfe4 44.Rxe4 Rxe4 45.Qa7 Rxb4 1/2-1/2

[Event "POL-ChT3"]
[Site "Lazy POL"]
[Date "2012.09.09"]
[Round "9"]
[White "Kalinin, Oleg"]
[Black "Plichta, Kamil"]
[Result "0-1"]
[WhiteElo "2336"]
[BlackElo "2195"]
[EventDate "2012.09.01"]
[PlyCount "164"]

1.d4 Nf6 2.Nf3 g6 3.c4 Bg7 4.Nc3 O-O 5.Bf4 c5 6.dxc5 Qa5 7.Qd2 Qxc5 8.e4 
d6 9.Be3 Qa5 10.h3 Nc6 11.Rc1 Bd7 12.Bd3 Rfc8 13.O-O a6 14.Bb1 Qh5 15.Nh2 
Qa5 16.f4 Be8 17.Nf3 Nd7 18.Qf2 b5 19.cxb5 axb5 20.Nd5 Bf8 21.Nd4 Nxd4 22.
Bxd4 Nf6 23.Nxf6+ exf6 24.Bxf6 Rxc1 25.Rxc1 Bg7 26.Bxg7 Kxg7 27.Qd4+ Kg8 
28.Qxd6 Rd8 29.Qe7 Qd2 30.Rf1 b4 31.Kh2 Rc8 32.b3 Bb5 33.Rf3 Be2 34.Rf2 
Qe3 35.Qh4 Rc1 36.e5 Rd1 37.Bc2 Rd2 38.Bb1 Qd4 39.Qg3 Rd1 40.Qh4 Qe3 41.
Bc2 Rd2 42.Bb1 Qd4 43.Qg3 Kf8 44.f5 gxf5 45.Qf4 Qxf4+ 46.Rxf4 Ba6 47.Rxb4 
Rb2 48.a4 Rxb1 49.g4 fxg4 50.hxg4 Be2 51.a5 Ra1 52.Rb8+ Ke7 53.Rb7+ Kd8 
54.b4 Ra4 55.Kg3 Bd3 56.Rxf7 Rxb4 57.a6 Bxa6 58.Rxh7 Ke8 59.Rg7 Bd3 60.Kf3
Be4+ 61.Kg3 Rb7 62.Rg8+ Kf7 63.Rc8 Rb3+ 64.Kf4 Rb4 65.Kg3 Bd5 66.Rh8 Kg7 
67.Rh5 Be4 68.Rh2 Kg6 69.Rh8 Rb3+ 70.Kf4 Bd5 71.Rg8+ Kf7 72.Rc8 Rb4+ 73.
Kg5 Bf3 74.Rc7+ Ke8 75.Rh7 Rxg4+ 76.Kf6 Bd5 77.Rh8+ Kd7 78.Rh7+ Kc6 79.Rh2
Rf4+ 80.Ke7 Kc5 81.Rh8 Rf5 82.Rc8+ Kd4 0-1

[Event "POL-ChT3"]
[Site "Lazy POL"]
[Date "2012.09.09"]
[Round "9"]
[White "Nguyen, Piotr"]
[Black "Walach, Marcin"]
[Result "0-1"]
[WhiteElo "2382"]
[BlackElo "2349"]
[EventDate "2012.09.01"]
[PlyCount "48"]

1.f4 e5 2.fxe5 d6 3.exd6 Bxd6 4.Nf3 g5 5.g3 h5 6.d4 g4 7.Nh4 Be7 8.Ng2 h4 
9.Bf4 hxg3 10.Bxg3 Nf6 11.Nf4 c5 12.e3 Nc6 13.c3 cxd4 14.exd4 Nd5 15.Qd3 
Nxf4 16.Bxf4 Qd5 17.Rg1 Bf5 18.Qe2 Bxb1 19.Rxb1 Qf5 20.Bg2 Qxb1+ 21.Kf2 
Qf5 22.Kg3 O-O-O 23.Bxc6 Rh3+ 24.Kg2 Qxf4 0-1

[Event "POL-ChT3"]
[Site "Lazy POL"]
[Date "2012.09.09"]
[Round "9"]
[White "Kornasiewicz, Stanislaw"]
[Black "Paterek, Michal"]
[Result "0-1"]
[WhiteElo "2214"]
[BlackElo "2304"]
[EventDate "2012.09.01"]
[PlyCount "96"]

1.d4 d5 2.Nf3 Nf6 3.c4 c6 4.cxd5 cxd5 5.Nc3 Nc6 6.e3 g6 7.Ne5 Bg7 8.Be2 
O-O 9.O-O Qd6 10.f4 a6 11.a3 b5 12.Bd2 Be6 13.Rc1 Rac8 14.Bd3 Bf5 15.Bxf5 
gxf5 16.Qe2 Rc7 17.Nd3 e6 18.b4 Ne4 19.Nxe4 dxe4 20.Nc5 Qd5 21.Be1 Kh8 22.
Bf2 Ne7 23.Rc2 Rfc8 24.Rd2 Qa8 25.h3 Nd5 26.g4 Nc3 27.Qe1 Rg8 28.Kh1 fxg4 
29.hxg4 Qc6 30.Rg1 f5 31.Rc2 Nd5 32.Qd1 Qd6 33.Rg3 Bf6 34.Qg1 Rcg7 35.g5 
Bd8 36.Kg2 a5 37.bxa5 Bxa5 38.Qf1 b4 39.axb4 Bxb4 40.Qe2 Ra8 41.Rh3 Rc8 
42.Rg3 Bxc5 43.dxc5 Rxc5 44.Rxc5 Qxc5 45.Qa6 Qc7 46.Be1 Kg8 47.Qa8+ Kf7 
48.Bc3 Rg8 {zapis nieczytelny} 0-1

[Event "POL-ChT3"]
[Site "Lazy POL"]
[Date "2012.09.09"]
[Round "9"]
[White "Skawinski, Arkadiusz"]
[Black "Osipow, Nikolaj"]
[Result "0-1"]
[WhiteElo "2309"]
[BlackElo "2179"]
[EventDate "2012.09.01"]
[PlyCount "96"]

1.e4 d5 2.exd5 Qxd5 3.Nc3 Qe5+ 4.Nge2 c6 5.g3 Bf5 6.Bg2 e6 7.O-O Nf6 8.Re1
Nbd7 9.Rb1 Nd5 10.d3 O-O-O 11.Nxd5 exd5 12.Bf4 Qf6 13.Qd2 Re8 14.Qa5 Bd6 
15.Bxd6 Qxd6 16.Nd4 Bg4 17.Qxa7 Qc5 18.Qa8+ Nb8 19.Qa4 Bd7 20.c3 Re7 21.b4
Rxe1+ 22.Rxe1 Qxc3 23.Nf3 Qxd3 24.b5 Qxb5 25.Qf4 Re8 26.Rxe8+ Bxe8 27.Bh3+
Bd7 28.Bxd7+ Nxd7 29.Qxf7 Qb1+ 30.Kg2 Qg6 31.Qe7 Qf6 32.Qe3 h6 33.h4 c5 
34.g4 d4 35.Qe4 Kc7 36.g5 Qd6 37.Nd2 hxg5 38.hxg5 Qc6 39.Kf3 b5 40.Qxc6+ 
Kxc6 41.Ke4 Nb6 42.f4 Nc8 43.Ke5 Nd6 44.g6 d3 45.Nb1 Nc4+ 46.Ke6 d2 47.
Nxd2 Nxd2 48.Kf7 Kd6 0-1